Changing face of rural woman in Himachal Himalayas / (Record no. 76164)

MARC details
000 -LEADER
fixed length control field 00730nam a22002057a 4500
005 - DATE AND TIME OF LATEST TRANSACTION
control field 20130606121118.0
010 ## - LCCN (DPL NO)
LC control number ENG-107404
020 ## - INTERNATIONAL STANDARD BOOK NUMBER
International Standard Book Number 9789381632475
Terms of availability 700.00
035 ## - SYSTEM CONTROL NUMBER
System control number EN-90937
037 ## - SOURCE OF ACQUISITION
Source of stock number/acquisition DBAD/PUB
082 ## - DEWEY DECIMAL CLASSIFICATION NUMBER
Classification number 305.4095452
100 ## - MAIN ENTRY--PERSONAL NAME
Personal name Sharma, Vijay Kumar
245 ## - TITLE STATEMENT
Title Changing face of rural woman in Himachal Himalayas /
Statement of responsibility, etc by Vijay Kumar Sharma
260 ## - PUBLICATION, DISTRIBUTION, ETC. (IMPRINT)
Place of publication, distribution, etc New Delhi
Name of publisher, distributor, etc Satyam Publishing House
Date of publication, distribution, etc 2013
270 ## - ADDRESS
Address N-3/25, Mohan Garden, Uttam Nagar
City New Delhi
Postal code 110059
300 ## - PHYSICAL DESCRIPTION
Extent x, 188p. :
Dimensions 23cm(Hb)
Other physical details ill.
500 ## - GENERAL NOTE
General note Includes bibliographical references (p. [178]-188).
650 ## - SUBJECT ADDED ENTRY--TOPICAL TERM
Topical term or geographic name as entry element Rural women
Geographic subdivision India
-- Himachal Pradesh
General subdivision Social conditions.
942 ## - ADDED ENTRY ELEMENTS (KOHA)
Source of classification or shelving scheme Dewey Decimal Classification
Item type English Books
Call number suffix SHA
Classification part 305.4095452
Holdings
Withdrawn status Lost status Not for loan Collection code Home library Current library Date acquired Source of acquisition Cost, normal purchase price Full call number Barcode Copy number Cost, replacement price Koha item type
    Not For Loan Non-fiction D.B.Act.Division D.B.Act.Division 27/05/2013 DBAD/PUB 700.00 305.4095452 SHA EN-90937 1 700.00 English Books

© Delhi Public Library
Hit Counter
free hit counter